Statistiques concernant Cinq pays avec un mot les plus longs par continent

Cliquez ici pour prendre le quiz!

Statistiques générales

  • Ce quiz a été pris 260 fois
    (252 depuis la dernière actualisation)
  • Le résultat moyen est 21 sur 35

Statistiques - réponses

Réponse% Correct
Argentine
88%
Australie
85%
Venezuela
82%
Guatemala
73%
Nicaragua
73%
Colombie
71%
Paraguay
71%
Turkménistan
71%
Ouzbékistan
69%
Micronésie
67%
Mozambique
67%
Allemagne
65%
Kirghizistan
65%
Madagascar
65%
Tadjikistan
65%
Liechtenstein
64%
Honduras
62%
Biélorussie
61%
Azerbaidjan
60%
Afghanistan
59%
Suriname
59%
Kiribati
58%
Mauritanie
57%
Vanuatu
55%
Jamaïque
52%
Tuvalu
47%
Luxembourg
46%
Monténégro
44%
Salvador
44%
Slovaquie
43%
Dominique
40%
Macédoine
35%
Philippines
34%
Seychelles
30%
Swaziland
27%

Distribution des résultats

Percentile par nombre de réponses

% des personnes avec chaque résultat

Votre développement - résultats

Vous n’avez pas pris ce quiz depuis la dernière actualisation